Josh Hutcherson Filmography - Statistics

General Stats
  • This quiz has been taken 104 times
    28 since last reset
  • The average score is 20 of 71
Answer Stats
Type Year Name % Correct
Film 2012 The Hunger Games
95%
Film 2013 The Hunger Games: Catching Fire
85%
Film 2014 The Hunger Games: Mockingjay - Part 1
85%
Film 2015 The Hunger Games: Mockingjay - Part 2
85%
Film 2023 Five Nights at Freddy's
80%
Film 2025 Five Nights at Freddy's 2
50%
Film 2007 Bridge to Terabithia
45%
Video Game 2005 Zathura
40%
Film 2005 Zathura: A Space Adventure
40%
TV Show 2013, 2014 Saturday Night Live
35%
Short Film 2017 Ape
30%
Film 2019 Burn
30%
Film 2007 Firehouse Dog
30%
Film TBA Five Nights at Freddy's 3
30%
Web Series 2017-2020 Future Man
30%
Film 2012 Journey 2: The Mysterious Island
30%
Film 2005 Kicking & Screaming
30%
Film 2005 Little Manhattan
30%
Film 2024 The Beekeeper
30%
Film 2004 The Polar Express
30%
Film 2023 57 Seconds
25%
Film 2011 Detention
25%
Film 2018 Elliot the Littlest Reindeer
25%
Film 2013 epic
25%
Film 2005 Howl's Moving Castle
25%
Film 2008 Journey to the Center of the Earth
25%
Music Video 2016 Middle
25%
TV Film 2003 Miracle Dogs
25%
Film 2006 RV
25%
Film 2012 The Forger
25%
Music Video 2018 Worst Nites
25%
Film 2012 7 Days in Havana
20%
Film 2022 Across the River and Into the Trees
20%
Film 2003 American Splendor
20%
Film TBA Artist in Residence
20%
TV Pilot 2002 Becoming Glen
20%
Film 2009 Cirque du Freak: The Vampire's Assistant
20%
TV Pilot 2004 Eddie's Father
20%
TV Show 2002 ER
20%
Film 2014 Escobar: Paradise Lost
20%
TV Show 2014 Face Off
20%
TV Pilot 2002 House Blend
20%
Film 2016 In Dubious Battle
20%
TV Show 2004 Justice League Unlimited
20%
Film TBA Last Ticket
20%
Film TBA Let's Love
20%
TV Show 2003 Line of Fire
20%
Film 2024 Long Gone Heroes
20%
Film 2004 Motocross Kids
20%
Film 2004 One Last Ride
20%
Web Series 2019 Paquita Salas
20%
TV Film 2004 Party Wagon
20%
TV Show 2012 Punk'd
20%
Film 2012 Red Dawn
20%
TV Film 2020 Rita
20%
Film 2017 The Disaster Artist
20%
TV Show 2003 The Division
20%
Film 2010 The Kids Are All Right
20%
Film TBA The Long Home
20%
Short Film 2015 The Rusted
20%
Web Series 2025 The Studio
20%
Short Film 2010 The Third Rule
20%
Film 2017 Tragedy Girls
20%
Web Series 2019-2023 Ultraman
20%
TV Film 2003 Wilder Days
20%
Film 2008 Winged Creatures
20%
Video Game 2008 Adventure at the Center of the Earth
15%
Film TBA Littlemouth
15%
Documentary Mini-Series 2025 The American Revolution
10%
Commercial 2015 Chrysler
5%
TV Show 2009 Cribs
5%
No matching quizzes found
Score Distribution
Percent of People with Each Score
Percentile by Number Answered
Your Score History
You have not taken this quiz since the last reset